NHK大河ドラマの歴代作品 - Statistics

General Stats
  • This quiz has been taken 258 times
    205 since last reset
  • The average score is 17 of 63
Answer Stats
Hint Answer % Correct
2023年 どうする家康
74%
2019年 いだてん ~東京オリムピック噺~
72%
2022年 鎌倉殿の13人 THE 13 LORDS OF THE SHOGUN
71%
2016年 真田丸
67%
2020年 麒麟がくる
60%
2024年 光る君へ
59%
2018年 西郷どん
56%
2014年 軍師官兵衛
51%
2021年 青天を衝け
48%
2012年 平清盛
46%
2017年 おんな城主 直虎
46%
2010年 龍馬伝
45%
1992年 信長 KING OF ZIPANGU
44%
2004年 新選組!
42%
2008年 篤姫
42%
2013年 八重の桜
41%
2015年 花燃ゆ
41%
2011年 江 ~姫たちの戦国~
40%
2007年 風林火山
39%
2009年 天地人
39%
2002年 利家とまつ ~加賀百万石物語~
37%
1996年 秀吉
35%
2005年 義経
33%
1983年 徳川家康
32%
1988年 武田信玄
28%
1963年 花の生涯
26%
2000年 葵 徳川三代
26%
2006年 功名が辻
26%
2001年 北条時宗
24%
1965年 太閤記
23%
1997年 毛利元就
22%
2003年 武蔵 MUSASHI
20%
1987年 独眼竜正宗
19%
1964年 赤穂浪士
18%
1968年 竜馬がゆく
18%
1989年 春日局
18%
1991年 太平記
18%
1986年 いのち
17%
1998年 徳川慶喜
17%
1981年 おんな太閤記
16%
1973年 国盗り物語
15%
1993年 炎立つ
15%
1978年 黄金の日日
14%
1979年 草燃える
14%
1990年 翔ぶが如く
14%
1993年 琉球の風
14%
1966年 源義経
12%
1969年 天と地と
12%
1974年 勝海舟
12%
1999年 元禄繚乱
12%
1967年 三姉妹
10%
1995年 八代将軍吉宗
9%
1977年 花神
8%
1994年 花の乱
8%
1976年 風と雲と虹と
6%
1975年 元禄太平記
5%
1984年 山河燃ゆ
5%
1972年 新・平家物語
4%
1985年 春の波涛
4%
1971年 春の坂道
3%
1980年 獅子の時代
3%
1970年 楡ノ木は残った
1%
1982年 虹の群像
1%
No matching quizzes found
Score Distribution
Percent of People with Each Score
Percentile by Number Answered
Your Score History
You have not taken this quiz since the last reset